| 000 | 00618nam a2200157 4500 | ||
|---|---|---|---|
| 999 |
_c7443 _d7443 |
||
| 008 | 170913b xxu||||| |||| 00| 0 eng d | ||
| 022 | _a00014826 | ||
| 082 | _aDPer 657.05 Ac27 May 2016 v. 91, n. 3 | ||
| 100 |
_922559 _aMajors, Tracie M. |
||
| 245 |
_aThe interaction of communicating measurement uncertainty and the dark triad on managers' reporting decisions/ _cTracie M. Majors. |
||
| 260 |
_aSarasota, Florida: _bAmerican, Accounting Association, _c ©2016. |
||
| 300 |
_av91 n3, pages 973-992: _billustrations; _c28 cm. |
||
| 500 | _aThe accounting review. | ||
| 650 | 0 |
_922560 _aEconomics. |
|
| 942 |
_2ddc _cPER |
||